00000000nam##2200000za#4500
0019.662504
003CaOODSP
00520200330101854
007ta
008150407|2001||||xxc|||||     f|0| 0 fre|d
020 |a0-662-65476-5
040 |aCaOODSP|bfre
041 |aeng
041 |afre
043 |an-cn---
0861 |aSW21-67/2001
1101 |aCanada. |bCondition féminine Canada.
24510|aL'incidence économique des politiques en matière de santé, de sécurité du revenu et de travail sur les prestataires bénévoles de soins aux personnes âgées en perte d'autonomie / |cpar Janet Fast, Jacquie Eales et Norah Keating.
260 |aOttawa - Ontario : |bCondition féminine Canada |c2001.
300 |aTexte français, viii, 92p. ; |c28 cm.
500 |aDonnées de catalogage avant publication (Canada) imprimées dans cette publication. «Le premier objectif du présent projet consistait à analyser l'incidence économique des programmes actuels de santé, de sécurité du revenu et de travail, selon le type de prestataires bénévole de soins et la région du pays. Le second objectif consistait à élaborer un cadre d'analyse des politiques visant à faciliter l'évaluation continue de l'effet de n'importe quel instrument de politique sur les coûts économique supportés par les prestataires bénévoles de soins aux personnes âgées en perte d'autonomie.»--Sommaire.
546 |aBilingue
563 |aCouverture souple
590 |a01-17|b2001-04-27
69107|aSoignant|2gcpds
69107|aSécurité du revenu|2gcpds
69107|aDroit du travail|2gcpds
69107|aSoins de santé|2gcpds
7201 |aKeating, Norah
7201 |aFast, Janet
7201 |aEales, Jacquie
7760#|tL'incidence économique des politiques en matière de santé, de sécurité du revenu et de travail sur les prestataires bénévoles de soins aux personnes âgées en perte d'autonomie / |w(CaOODSP)9.632882
7760#|tEconomic impact of health, income security and labour policies on informal caregivers of frail seniors / |w(CaOODSP)9.688458
791 |tEconomic impact of health, income security and labour policies on informal caregivers of frail seniors / |eeng|w(CaOODSP)9.662503